000 00795cam a2200217 i 4500
999 _c59062
_d59062
001 17638492
005 20240911113017.0
008 130226s2013 enka 001 0 eng
020 _a9781108638722
041 _aeng
080 _a811.111.1 S-20
100 1 _aSanabria, Kim
_d
_915835
245 1 0 _aAcademic encounters : 2
_bAmerican studies : listening, speaking /
_cKim Sanabria, Carlos Sanabria.
250 _a2nd edition.
264 1 _aCambridge:
_bCambridge University Press,
_c2013.
300 _a184 pages :
_billustrations ;
_c26 cm.
653 _aამერიკული კვლევები: მოსმენა, საუბარი
653 _aინგლისური ენა
700 1 _aSanabria, Carlos
_d
_915836
_eავტორი
942 _2udc
_cBK